| 000 | 00668nam a22001697a 4500 | ||
|---|---|---|---|
| 003 | OSt | ||
| 005 | 20250911175406.0 | ||
| 008 | 240208b ||||| |||| 00| 0 eng d | ||
| 040 | _c0 | ||
| 082 | _aDPer 621.381 In821 April 2022 v. 37 n. 4 | ||
| 100 |
_aHoltz, Joachim. _eauthor. _951944 |
||
| 245 |
_aPredictive finite-state-control—when to use and when not / _cJoachim Holtz. |
||
| 260 |
_aNew York ; _bThe Institute of Electrical and Electronics Engineers, Inc. , _cApril 2022. |
||
| 300 |
_aVolume 37, pages 4225-4232 : _billustration ; _c28 cm. |
||
| 500 | _aIEEE Transaction on Power Electronics, vol. 37, no. 4, pages 4225-4232, April 2022. | ||
| 942 |
_2ddc _cPER |
||
| 999 |
_c19017 _d19017 |
||